Introducción a la ingeniería de los alimentos.
Salvato in:
| Autori principali: | , |
|---|---|
| Altri autori: | |
| Natura: | Libro |
| Lingua: | spagnolo |
| Pubblicazione: |
Zaragoza, España:
Acribia,
2009.
|
| Edizione: | Segunda edición. |
| Soggetti: | |
| Tags: |
Aggiungi Tag
Nessun Tag, puoi essere il primo ad aggiungerne!!
|
MARC
| LEADER | 00000nam a2200000 a 4500 | ||
|---|---|---|---|
| 001 | UCH9075 | ||
| 003 | CL-VaPUC | ||
| 005 | 20230816111617.0 | ||
| 008 | 091224e20090000SP |||||||||||||||||spa|d | ||
| 999 | |c 339139 |d 339137 | ||
| 020 | |a 9788420011240 | ||
| 040 | |c Pontificia Universidad Católica de Valparaíso | ||
| 082 | 0 | 4 | |a 664 SIN 2009 |2 21 |
| 100 | 0 | |a Singh, R. Paul |e autor |9 545922 | |
| 245 | 1 | 0 | |a Introducción a la ingeniería de los alimentos. |
| 250 | |a Segunda edición. | ||
| 260 | |a Zaragoza, España: |b Acribia, |c 2009. | ||
| 300 | |a 551 páginas | ||
| 583 | |a last modification |c 20091224 00:00:00 |k Rodrigo Vera | ||
| 650 | 0 | |a Industria alimentaria |9 331702 | |
| 650 | 0 | |a Conservación de alimentos |9 370644 | |
| 650 | 0 | |a Tecnología de alimentos |2 CL-VaPUC |9 259595 | |
| 650 | 0 | |a Procesamiento de alimentos |9 264607 | |
| 650 | 0 | |a Composición de los alimentos |9 259491 | |
| 650 | 0 | |a Alimentos |9 256203 | |
| 650 | 0 | |a Alimentos congelados |9 259336 | |
| 650 | 0 | |a Deshidratación |9 365480 | |
| 700 | |a Heldman, Dennis R |e author |9 572937 | ||
| 700 | |a Ceamanos Lavilla, Jesús |e traducción |9 869534 | ||
| 942 | |c BK |2 ddc | ||
| 945 | |d 20091224 00:00:00 |a rbrito | ||
| 952 | |0 0 |1 0 |4 0 |6 664_000000000000000_SIN_2009 |7 0 |8 A |9 432599 |a BIBALI |b BIBALI |c RES |d 2019-11-22 |i 4695828 |o 664 SIN 2009 |p 4695828 |r 2025-01-20 |w 2019-11-22 |y BK_R |k ALI | ||
| 952 | |0 0 |1 0 |4 0 |6 664_000000000000000_SIN_2009 |7 0 |8 A |9 432600 |a BIBALI |b BIBALI |c RES |d 2019-11-22 |i 4719646 |o 664 SIN 2009 |p 4719646 |r 2025-01-20 |w 2019-11-22 |y BK_R |k ALI | ||
| 952 | |0 0 |1 0 |4 0 |6 664_000000000000000_SIN_2009 |7 0 |8 A |9 432601 |a BIBALI |b BIBALI |c RES |d 2019-11-22 |i 4719654 |o 664 SIN 2009 |p 4719654 |r 2025-01-20 |w 2019-11-22 |y BK_R |k ALI | ||
| 952 | |0 0 |1 0 |2 ddc |4 0 |6 664_000000000000000_SIN_2009 |7 0 |8 A |9 583172 |a BIBALI |b BIBALI |c RES |d 2022-05-19 |e 74 |g 77097.00 |i 5651314 |o 664 SIN 2009 |p 5651314 |r 2025-01-20 |t 6 |v 77097.00 |w 2022-05-19 |y BK_R |k ALI | ||
| 952 | |0 0 |1 0 |2 ddc |4 0 |6 664_000000000000000_SIN_2009 |7 0 |8 A |9 583173 |a BIBALI |b BIBALI |c RES |d 2022-05-19 |e 74 |g 77097.00 |i 5651313 |l 2 |o 664 SIN 2009 |p 5651313 |r 2025-01-20 |s 2023-06-12 |t 5 |v 77097.00 |w 2022-05-19 |y BK_R |k ALI | ||